Statystyki dla Flagi państw - litera "W"

Kliknij tutaj aby rozwiązać quiz!

Ogólne statystyki

  • Ten quiz został rozwiązany 389 razy
  • Średni wynik to 8 z 9

Statystyki odpowiedzi

Odpowiedź% Poprawnych
Włochy
99%
Wielka Brytania
98%
Węgry
97%
Watykan
96%
Wenezuela
94%
Wietnam
92%
Wybrzeże Kości Słoniowej
85%
Wyspy Marshalla
64%
Wyspy Salomona
60%

Rozkład punktacji

Percentyl według liczby udzielonych odpowiedzi

Procent ludzi z każdym wynikiem

Twoja historia wyników

Nie rozwiązałeś tego quizu